00780 2200253 4500001002100000008004100021035002000062245012300082100001400205110001500219260003700234300001200271020001800283084001400301082000800315650005800323990001900381990002100400990002100421990002100442990002100463990002100484990002100505INLIS000000000003242 ind  a0010-0724003242 aSejarah mikroskop mengungkap sejarah dan perkembangan mikroskop dari awal diciptakan hingga masa kinicEGH.W.Z.Prayoga aPuji Tyas aTyas, Puji aMakassarbCitra Adi Bangsac2008 a60 hlm. a979.9926.50.5 a609 PUJ s a609 aSejarah Penemuan di Bidang Teknologi dan Ilmu Terapan aP29/CP/24/3242 aP29/CP/24/3242.1 aP29/CP/24/3242.2 aP29/CP/24/3242.3 aP29/CP/24/3242.4 aP29/CP/24/3242.5 aP29/CP/24/3242.6